Multi Scale Design of Advanced Materials : doctoral conference, Velké Bílovice, 28.29.5.2015

Salvato in:
Dettagli Bibliografici
Ente Autore: Multi Scale Design of Advanced Materials Velké Bílovice
Natura: Atti del Convegno Libro
Lingua:inglese
Pubblicazione: Brno : University of Technology, 2015
Edizione:1. vyd.
Tags: Aggiungi Tag
Nessun Tag, puoi essere il primo ad aggiungerne!!

MARC

LEADER 00000nam a22000003a 4500
001 0005087
003 SK-STU
005 20150620175016.3
007 ta
008 150604s ----xo-----e------100-0-----d
020 |a 978-80-214-5146-9 
040 |a STU  |b slo 
041 0 |a eng 
044 |a xr 
111 2 |a Multi Scale Design of Advanced Materials  |d 28.-29.5.2015 :  |c Velké Bílovice 
245 1 0 |a Multi Scale Design of Advanced Materials :  |h [elektronický zdroj]  |b doctoral conference, Velké Bílovice, 28.29.5.2015 
250 |a 1. vyd. 
260 |a Brno :  |b University of Technology,  |c 2015 
300 |a 1 CD-ROM 
996 |b 284M084475  |c M* CD-2531  |l MMKN  |s A  |a 24  |w 0005087_0001